Myles textbook for midwives. (Record no. 3815)

MARC details
000 -LEADER
fixed length control field 00721cam a22002292 4500
001 - CONTROL NUMBER
control field 0000018836
005 - DATE AND TIME OF LATEST TRANSACTION
control field 20151217145908.0
008 - FIXED-LENGTH DATA ELEMENTS--GENERAL INFORMATION
fixed length control field 100805s xx 000 0 eng d
020 ## - INTERNATIONAL STANDARD BOOK NUMBER
International Standard Book Number 0443068447 :
040 ## - CATALOGING SOURCE
Original cataloging agency KABU
Transcribing agency KABU
245 10 - TITLE STATEMENT
Title Myles textbook for midwives.
250 ## - EDITION STATEMENT
Edition statement 15th ed. /
Remainder of edition statement edited by Diane M. Fraser, Margaret A. Cooper.
260 ## - PUBLICATION, DISTRIBUTION, ETC. (IMPRINT)
Place of publication, distribution, etc. London :
Name of publisher, distributor, etc. Elsevier,
Date of publication, distribution, etc. 2009.
300 ## - PHYSICAL DESCRIPTION
Extent xiv, 1122 p.
650 #0 - SUBJECT ADDED ENTRY--TOPICAL TERM
Topical term or geographic name as entry element Midwifery.
-- 0000178249
700 1# - ADDED ENTRY--PERSONAL NAME
Personal name Fraser, Diane M.
-- 0000180286
700 1# - ADDED ENTRY--PERSONAL NAME
Personal name Cooper, Margaret A.
-- 0000180287
852 1# - LOCATION
-- p6500 KES
852 1# - LOCATION
-- p2490 KES
908 ## - PUT COMMAND PARAMETER (RLIN)
Put command parameter 100805
950 ## - LOCAL HOLDINGS (RLIN)
-- 1
Holdings
Withdrawn status Lost status Source of classification or shelving scheme Not for loan Home library Current library Date acquired Total Checkouts Total Renewals Full call number Barcode Date last seen Date last checked out Price effective from Koha item type Shelving location
    Library of Congress Classification   Kabarak, Main Campus Kabarak, Main Campus 17/12/2015 49 8 RG524 .M95 2009 c. 6 21817 03/02/2026 20/01/2026 17/12/2015 General Collection  
    Library of Congress Classification   Kabarak, Main Campus Kabarak, Main Campus 17/12/2015 51 10 RG524 .M95 2009 c. 4 18930 11/10/2025 11/09/2025 17/12/2015 General Collection  
    Library of Congress Classification   Kabarak, Main Campus Kabarak, Main Campus 17/12/2015 33 15 RG524 .M95 2009 c. 1 24638 04/10/2025 08/09/2025 17/12/2015 General Collection  
    Library of Congress Classification   Kabarak, Main Campus Kabarak, Main Campus 17/12/2015 47 6 RG524 .M95 2009 c. 2 24639 31/05/2024 17/05/2024 17/12/2015 General Collection General Stacks
    Library of Congress Classification   Kabarak, Main Campus Kabarak, Main Campus 17/12/2015 45 6 RG524 .M95 2009 c. 3 24637 19/02/2026 05/02/2026 17/12/2015 General Collection  
    Library of Congress Classification   Kabarak, Main Campus Kabarak, Main Campus 17/12/2015 40 5 RG524 .M95 2009 c. 5 21819 02/04/2026 17/03/2026 17/12/2015 General Collection  
Designed with assistance from East African Informatics Ltd